[Event "FRA-ch Blitz Online Qual"]
[Site "Europe Echecs INT"]
[Date "2020.05.16"]
[Round "14"]
[White "Blachon, Pascal"]
[Black "Chung, Mathilde"]
[Result "0-1"]
[WhiteElo "1955"]
[BlackElo "2083"]
[PlyCount "72"]
[EventDate "2020.05.16"]
[EventType "swiss (blitz)"]
[EventRounds "15"]
[EventCountry "FRA"]
[SourceTitle "CBM 196 Extra"]
[Source "ChessBase"]
[SourceDate "2020.07.31"]
[SourceVersion "1"]
[SourceVersionDate "2020.07.31"]
[SourceQuality "1"]

1. e4 c5 2. Nf3 Nc6 3. Nc3 e6 4. Bb5 Nge7 5. 0-0 a6 6. Be2 d5 7. exd5 exd5 8. d4 cxd4 9. Nxd4 g6 10. Bg5 Bg7 11. Nxc6 bxc6 12. Re1 Be6 13. Qd2 h6 14. Bf4 Nf5 15. g4 Nd4 16. Bd1 Qh4 17. Bg3 Qh3 18. f3 h5 19. Qg2 hxg4 20. fxg4 0-0-0 21. Qxh3 Rxh3 22. Na4 a5 23. c3 Nb5 24. Nc5 Bd7 25. Kg2 Rhh8 26. a4 Nxc3 27. Bf3 Ne4 28. Nxe4 dxe4 29. Bxe4 Bxg4 30. Bxc6 Rd2+ 31. Kh1 Bxb2 32. Rab1 Rc2 33. Be4 Rd2 34. Bc6 f5 35. Re7 g5 36. Rc7+ Kd8 0-1

[Event "FRA-ch Blitz Online Qual"]
[Site "Europe Echecs INT"]
[Date "2020.05.16"]
[Round "15"]
[White "Chung, Mathilde"]
[Black "Perez Marco, Ricardo"]
[Result "1-0"]
[WhiteElo "2083"]
[BlackElo "2064"]
[PlyCount "67"]
[EventDate "2020.05.16"]
[EventType "swiss (blitz)"]
[EventRounds "15"]
[EventCountry "FRA"]
[SourceTitle "CBM 196 Extra"]
[Source "ChessBase"]
[SourceDate "2020.07.31"]
[SourceVersion "1"]
[SourceVersionDate "2020.07.31"]
[SourceQuality "1"]

1. d4 Nf6 2. c4 c5 3. d5 b5 4. cxb5 a6 5. bxa6 Bxa6 6. Nc3 d6 7. Nf3 g6 8. e4 Bxf1 9. Kxf1 Nbd7 10. g3 Bg7 11. Kg2 0-0 12. Re1 Ng4 13. Nd2 Qb8 14. Qxg4 Ne5 15. Qe2 c4 16. Nxc4 Nxc4 17. Qxc4 Rc8 18. Qd3 Qb4 19. a3 Qb3 20. Re3 Qb6 21. Nb5 Rc5 22. Nd4 Rxc1 23. Rxc1 Bxd4 24. Re2 Rb8 25. b4 Qa7 26. b5 Bc5 27. Ra1 Qa4 28. Rb2 Bd4 29. Rb4 Qa7 30. Qxd4 Qxd4 31. Rxd4 Rxb5 32. a4 Ra5 33. Rb4 Kg7 34. Rb5 1-0

[Event "FRA-ch Blitz Online Qual"]
[Site "Europe Echecs INT"]
[Date "2020.05.16"]
[Round "3"]
[White "Varin, Timeo"]
[Black "Chung, Mathilde"]
[Result "0-1"]
[WhiteElo "1287"]
[BlackElo "2083"]
[PlyCount "98"]
[EventDate "2020.05.16"]
[EventType "swiss (blitz)"]
[EventRounds "15"]
[EventCountry "FRA"]
[SourceTitle "CBM 196 Extra"]
[Source "ChessBase"]
[SourceDate "2020.07.31"]
[SourceVersion "1"]
[SourceVersionDate "2020.07.31"]
[SourceQuality "1"]

1. e4 c5 2. Nf3 Nc6 3. d4 cxd4 4. Nxd4 Qb6 5. Nxc6 bxc6 6. Nc3 e5 7. Bc4 Nf6 8. Bb3 Bb4 9. Bd2 0-0 10. 0-0 Bxc3 11. Bxc3 Qc7 12. Qf3 d6 13. h3 a5 14. a3 a4 15. Ba2 Ba6 16. Rfe1 Rad8 17. Rad1 Rfe8 18. Bb4 Bb7 19. Qc3 Qb8 20. Ba5 Rd7 21. Re2 d5 22. exd5 cxd5 23. Qb4 e4 24. f3 exf3 25. Rxe8+ Nxe8 26. gxf3 Qg3+ 27. Kf1 Qxf3+ 28. Kg1 Qg3+ 29. Kf1 Ba6+ 30. c4 Qf3+ 31. Ke1 Qe3+ 32. Kf1 Qxh3+ 33. Ke1 Qe3+ 34. Kf1 dxc4 35. Rxd7 c3+ 36. Bc4 Qf4+ 37. Kg1 Bxc4 38. Qe7 Qg3+ 39. Kh1 Qf3+ 40. Kh2 Qf2+ 41. Kh3 Bf1+ 42. Kg4 Qg2+ 43. Kf4 Qf2+ 44. Ke5 Qe3+ 45. Kd5 Bg2+ 46. Kc4 Bf1+ 47. Kb4 Qf4+ 48. Kxc3 Qc1+ 49. Kb4 Qc4# 0-1

[Event "Barcelona Sant Marti op-A 18th"]
[Site "Barcelona"]
[Date "2016.07.14"]
[Round "2"]
[White "Mulay, Pratik"]
[Black "Chung, Mathilde"]
[Result "1/2-1/2"]
[WhiteElo "1983"]
[BlackElo "2169"]
[PlyCount "65"]
[EventDate "2016.07.13"]
[EventType "swiss"]
[EventRounds "9"]
[EventCountry "ESP"]
[SourceTitle "CBM 173 Extra"]
[Source "ChessBase"]
[SourceDate "2016.08.29"]
[SourceVersion "1"]
[SourceVersionDate "2016.08.29"]
[SourceQuality "1"]

1. d4 Nf6 2. Nf3 g6 3. Nc3 d5 4. Bf4 Bg7 5. e3 c6 6. Be2 Nbd7 7. Ne5 Ne4 8. Nxe4 dxe4 9. h4 Nxe5 10. dxe5 Qa5+ 11. Qd2 Qxd2+ 12. Kxd2 Be6 13. c4 0-0-0+ 14. Kc2 Rd7 15. Rad1 Rhd8 16. Rxd7 Rxd7 17. h5 g5 18. h6 Bh8 19. Bg3 f6 20. b3 fxe5 21. a4 c5 22. Bd1 Bf5 23. Be2 Rd6 24. Rh5 Bf6 25. Bxe5 Bxe5 26. Rxg5 e6 27. g4 Bf6 28. Rg8+ Rd8 29. Rxd8+ Bxd8 30. gxf5 exf5 31. f3 exf3 32. Bxf3 Bg5 33. Bd5 1/2-1/2

[Event "FRA-ch U18 Girls"]
[Site "Gonfreville"]
[Date "2016.??.??"]
[Round "3"]
[White "Thomas, Apolline"]
[Black "Chung, Mathilde"]
[Result "1/2-1/2"]
[WhiteElo "1948"]
[BlackElo "2094"]
[PlyCount "80"]
[EventDate "2016.04.22"]
[EventType "swiss"]
[EventRounds "9"]
[EventCountry "FRA"]
[SourceTitle "EXT 2019"]
[Source "ChessBase"]
[SourceDate "2018.10.10"]
[SourceVersion "1"]
[SourceVersionDate "2018.10.10"]
[SourceQuality "1"]

1. e4 e6 2. d4 d5 3. Nd2 Nf6 4. e5 Nfd7 5. Bd3 c5 6. c3 Nc6 7. Ne2 cxd4 8. cxd4 f6 9. exf6 Nxf6 10. Nf3 Bd6 11. 0-0 Qc7 12. Bd2 0-0 13. Ng3 h6 14. Rc1 g5 15. Re1 Qg7 16. Bc3 Bxg3 17. fxg3 Bd7 18. Ne5 Rac8 19. Rc2 Be8 20. h3 Nxe5 21. Rxe5 Bf7 22. Rf2 Nd7 23. Re1 Bg6 24. Rxe6 Bxd3 25. Qxd3 Rxf2 26. Rg6 Rcf8 27. Rxg7+ Kxg7 28. Qb5 Nb6 29. Ba5 R2f6 30. Bxb6 Rxb6 31. Qxd5 Rxb2 32. Qe5+ Kg6 33. d5 Rff2 34. Qe4+ Kf7 35. d6 Rxg2+ 36. Kh1 Rh2+ 37. Kg1 Rbg2+ 38. Kf1 Rf2+ 39. Kg1 Rfg2+ 40. Kf1 Rf2+ 1/2-1/2

[Event "Wch U16 Girls"]
[Site "Porto Carras"]
[Date "2015.11.05"]
[Round "11"]
[White "Chung, Mathilde"]
[Black "Busuioc, Alexandra"]
[Result "1-0"]
[WhiteElo "2087"]
[BlackElo "1882"]
[PlyCount "61"]
[EventDate "2015.10.25"]
[EventType "swiss"]
[EventRounds "11"]
[EventCountry "GRE"]
[SourceTitle "CBM 169 Extra"]
[Source "ChessBase"]
[SourceDate "2015.12.18"]
[SourceVersion "1"]
[SourceVersionDate "2015.12.18"]
[SourceQuality "1"]

1. d4 Nf6 2. c4 g6 3. Nc3 Bg7 4. e4 d6 5. Nf3 0-0 6. Be2 e5 7. 0-0 Nc6 8. d5 Ne7 9. b4 Ne8 10. c5 f5 11. Ng5 h6 12. Ne6 Bxe6 13. dxe6 fxe4 14. cxd6 cxd6 15. Nxe4 b6 16. Qb3 d5 17. Rd1 Nc7 18. Nc3 Nf5 19. Nxd5 Nd4 20. e7 Nxb3 21. exd8Q Raxd8 22. axb3 Nxd5 23. Bc4 e4 24. Ra2 Rf5 25. Rad2 Kh7 26. Rxd5 Rfxd5 27. Rxd5 Rc8 28. Be3 g5 29. Rd7 Kg6 30. Rxa7 Bc3 31. b5 1-0

[Event "Wch U16 Girls"]
[Site "Porto Carras"]
[Date "2015.11.04"]
[Round "10"]
[White "Gundogan, Sinem Cagla"]
[Black "Chung, Mathilde"]
[Result "1-0"]
[WhiteElo "1886"]
[BlackElo "2087"]
[PlyCount "89"]
[EventDate "2015.10.25"]
[EventType "swiss"]
[EventRounds "11"]
[EventCountry "GRE"]
[SourceTitle "CBM 169 Extra"]
[Source "ChessBase"]
[SourceDate "2015.12.18"]
[SourceVersion "1"]
[SourceVersionDate "2015.12.18"]
[SourceQuality "1"]

1. e4 e6 2. d3 d5 3. Nd2 Bd6 4. Ngf3 c5 5. g3 Nc6 6. Bg2 Nge7 7. 0-0 0-0 8. Re1 Qc7 9. c3 d4 10. Nc4 e5 11. a4 f6 12. Nh4 Be6 13. Nxd6 Qxd6 14. c4 g5 15. Nf3 Kh8 16. h4 g4 17. Nh2 Qd7 18. f4 gxf3 19. Qxf3 Rf7 20. Bd2 Rg8 21. Rf1 Nc8 22. Rf2 Nd6 23. Raf1 f5 24. exf5 Rxf5 25. Qe2 Rxg3 26. Kh1 Rg8 27. Bg5 Ne8 28. Be4 Rxf2 29. Qxf2 Qg7 30. Qf3 Nb8 31. Bxb7 Nd7 32. Qc6 Qg6 33. Bc8 h6 34. Bxh6 Bh3 35. Qxg6 Rxg6 36. Bxd7 Bxd7 37. Bg5 Bxa4 38. Nf3 Re6 39. Re1 Bc6 40. Kg2 Nd6 41. Rxe5 Rxe5 42. Bf6+ Kh7 43. Bxe5 Nf5 44. Kf2 Ne3 45. Ke2 1-0

[Event "Wch U16 Girls"]
[Site "Porto Carras"]
[Date "2015.11.03"]
[Round "9"]
[White "Chung, Mathilde"]
[Black "Harshita, Guddanti"]
[Result "1-0"]
[WhiteElo "2087"]
[BlackElo "2181"]
[PlyCount "87"]
[EventDate "2015.10.25"]
[EventType "swiss"]
[EventRounds "11"]
[EventCountry "GRE"]
[SourceTitle "CBM 169 Extra"]
[Source "ChessBase"]
[SourceDate "2015.12.18"]
[SourceVersion "1"]
[SourceVersionDate "2015.12.18"]
[SourceQuality "1"]

1. d4 Nf6 2. c4 e6 3. Nc3 Bb4 4. Qc2 b6 5. Nf3 c5 6. dxc5 Bxc5 7. Bg5 Nc6 8. Rd1 0-0 9. e4 Be7 10. Be2 Bb7 11. 0-0 h6 12. Bh4 Nb4 13. Qb1 Nh5 14. Bxe7 Qxe7 15. a3 Na6 16. Rfe1 d6 17. Nd4 Nf4 18. Bf1 Nc7 19. Rd2 Rfd8 20. Qd1 Ne8 21. g3 Ng6 22. f4 e5 23. Nf5 Qf6 24. Qg4 exf4 25. gxf4 h5 26. Qxh5 Nxf4 27. Qg4 Ng6 28. Rf2 Qe5 29. h4 Nf6 30. Qf3 Bc8 31. h5 Bxf5 32. Qxf5 Qg3+ 33. Rg2 Qxe1 34. hxg6 Qe3+ 35. Kh1 Qh6+ 36. Kg1 Qh5 37. Rg5 Qh6 38. Nd5 Nxd5 39. Qxf7+ Kh8 40. Qxd5 Rac8 41. Rh5 Rc5 42. Rxh6+ gxh6 43. Qf7 Rg5+ 44. Bg2 1-0

[Event "Vaujany op-A 6th"]
[Site "Vaujany"]
[Date "2015.07.12"]
[Round "4"]
[White "Chung, Mathilde"]
[Black "Houard, Sebastien"]
[Result "1-0"]
[WhiteElo "1996"]
[BlackElo "2162"]
[PlyCount "53"]
[EventDate "2015.07.09"]
[EventType "swiss"]
[EventRounds "9"]
[EventCountry "FRA"]
[SourceTitle "EXT 2017"]
[Source "ChessBase"]
[SourceDate "2016.10.25"]
[SourceVersion "1"]
[SourceVersionDate "2016.10.25"]
[SourceQuality "1"]

1. d4 d5 2. c4 e6 3. Nc3 Be7 4. Nf3 Nf6 5. Bf4 0-0 6. e3 Nh5 7. Bg3 Nxg3 8. hxg3 g6 9. Bd3 dxc4 10. Bxc4 Nd7 11. Ne5 a6 12. Qg4 Kg7 13. Qh3 h5 14. 0-0-0 c5 15. Bxe6 Nxe5 16. dxe5 Qa5 17. Bxc8 Raxc8 18. g4 Rh8 19. gxh5 c4 20. h6+ Kh7 21. Qf3 Rhf8 22. Rd5 b5 23. Rd7 Qb4 24. Nd5 Qc5 25. Rxe7 c3 26. Rxf7+ Kh8 27. Qf6+ 1-0

[Event "Saint Jacut Lallemand Memorial (Women)"]
[Site "Saint Jacut de la Mer"]
[Date "2015.06.13"]
[Round "4"]
[White "Chung, Mathilde"]
[Black "Soubirou, Oriane"]
[Result "0-1"]
[WhiteElo "2050"]
[BlackElo "2220"]
[PlyCount "158"]
[EventDate "2015.06.13"]
[EventType "swiss"]
[EventRounds "9"]
[EventCountry "FRA"]
[SourceTitle "EXT 2016"]
[Source "ChessBase"]
[SourceDate "2015.10.08"]
[SourceVersion "1"]
[SourceVersionDate "2015.10.08"]
[SourceQuality "1"]

1. d4 a6 2. g3 e6 3. Bg2 Nf6 4. Nf3 c5 5. c4 cxd4 6. Nxd4 Nc6 7. 0-0 Bc5 8. Nb3 Be7 9. Nc3 0-0 10. e4 b6 11. Be3 Ne5 12. c5 b5 13. Bd4 Nc6 14. e5 Ne8 15. Ne4 Rb8 16. Nd6 Qc7 17. f4 g6 18. Qd3 Ng7 19. Nd2 f5 20. Nf3 Bb7 21. a3 Ba8 22. b4 Nd8 23. Rfd1 Bc6 24. Be3 Nf7 25. Rac1 h6 26. Qd2 Rfd8 27. Rc3 Bd5 28. Rd3 Bc6 29. Ne1 Ra8 30. Nxf7 Kxf7 31. Bxc6 dxc6 32. Rd7 Rxd7 33. Qxd7 Qxd7 34. Rxd7 Ne8 35. Nf3 a5 36. Nd4 Rc8 37. bxa5 Ng7 38. Nb3 Ke8 39. Rb7 Ra8 40. Rb6 Kd7 41. a6 Ne8 42. Na5 Bd8 43. Rb7+ Nc7 44. a7 Kc8 45. Rb8+ Rxb8 46. axb8Q+ Kxb8 47. Nxc6+ Kc8 48. Kf2 Kd7 49. Nb4 Be7 50. Ke2 g5 51. Kd3 g4 52. c6+ Kc8 53. Kc3 Bxb4+ 54. axb4 Nd5+ 55. Kd4 Kc7 56. Bd2 Kxc6 57. Be1 h5 58. Kd3 Ne7 59. Kd4 Ng6 60. Bf2 h4 61. Be1 h3 62. Bf2 Ne7 63. Be1 Nd5 64. Kd3 Nb6 65. Kd4 Nc4 66. Bc3 Na3 67. Bd2 Nc4 68. Bc3 Nb6 69. Bd2 Nd5 70. Kd3 Kc7 71. Kd4 Kb6 72. Kd3 Kc6 73. Kd4 Nb6 74. Be1 Na4 75. Bd2 Nb2 76. Kc3 Nd1+ 77. Kd4 Nf2 78. Be3 Ne4 79. Bc1 Nxg3 0-1

[Event "FRA-ch U16 Girls"]
[Site "Pau"]
[Date "2015.05.01"]
[Round "7"]
[White "Chung, Mathilde"]
[Black "Schwindling, Marie"]
[Result "1-0"]
[WhiteElo "2051"]
[BlackElo "1495"]
[PlyCount "73"]
[EventDate "2015.04.26"]
[EventType "swiss"]
[EventRounds "9"]
[EventCountry "FRA"]
[SourceTitle "CBM 166 Extra"]
[Source "ChessBase"]
[SourceDate "2015.06.18"]
[SourceVersion "1"]
[SourceVersionDate "2015.06.18"]
[SourceQuality "1"]

1. d4 e6 2. Nf3 d5 3. c4 c6 4. e3 Nf6 5. Nc3 Bb4 6. Bd2 0-0 7. Bd3 dxc4 8. Bxc4 b6 9. 0-0 Bb7 10. Qe2 Nbd7 11. Rfd1 Qe7 12. a3 Bxc3 13. Bxc3 c5 14. Rac1 Rfd8 15. b4 Rac8 16. bxc5 bxc5 17. Ba5 Nb6 18. Ba2 Bxf3 19. Qxf3 cxd4 20. Bb4 Qe8 21. Rxc8 Rxc8 22. exd4 Qd7 23. h3 Nfd5 24. Bc5 Na4 25. Bxd5 Nxc5 26. dxc5 exd5 27. Rxd5 Qe7 28. Qd3 g6 29. Qd4 h5 30. Rd7 Qf8 31. c6 Kh7 32. c7 Qg7 33. Qd5 Kh6 34. Rxf7 Qa1+ 35. Kh2 Qc3 36. h4 Qc1 37. f4 1-0

[Event "EU-ch U16 Girls 24th"]
[Site "Batumi"]
[Date "2014.10.27"]
[Round "8"]
[White "Hojjatova, Aydan Hikmat Qizi"]
[Black "Chung, Mathilde"]
[Result "1-0"]
[WhiteElo "2104"]
[BlackElo "1972"]
[PlyCount "73"]
[EventDate "2014.10.19"]
[EventType "swiss"]
[EventRounds "9"]
[EventCountry "GEO"]
[SourceTitle "EXT 2015"]
[Source "ChessBase"]
[SourceDate "2014.11.20"]
[SourceVersion "1"]
[SourceVersionDate "2014.11.20"]
[SourceQuality "1"]

1. e4 e6 2. d4 d5 3. Nd2 Nf6 4. e5 Nfd7 5. Bd3 c5 6. c3 Nc6 7. Ne2 cxd4 8. cxd4 f6 9. exf6 Nxf6 10. Nf3 Bd6 11. 0-0 Qc7 12. Nc3 a6 13. Re1 0-0 14. h3 h6 15. Bc2 g5 16. Kh1 Qf7 17. Ne5 Bxe5 18. dxe5 Nh5 19. Bd2 Nf4 20. Bxf4 Qxf4 21. Qh5 Nxe5 22. Qxh6 Rf7 23. Re3 Rg7 24. Ne2 Qc4 25. Bh7+ Rxh7 26. Qxg5+ Rg7 27. Qxe5 Qh4 28. Rg3 Rxg3 29. Nxg3 Bd7 30. Nh5 Qe7 31. Rd1 Kh7 32. Rd3 Rf8 33. Rg3 Rf7 34. Qc3 e5 35. Qd3+ e4 36. Qxd5 Bc6 37. Nf6+ 1-0

[Event "Olympiad Women-41"]
[Site "Tromsoe"]
[Date "2014.08.08"]
[Round "6.1"]
[White "Chung, Mathilde"]
[Black "Mezioud, Amina"]
[Result "0-1"]
[WhiteElo "1981"]
[BlackElo "2052"]
[PlyCount "124"]
[EventDate "2014.08.02"]
[EventType "team-swiss"]
[EventRounds "11"]
[EventCountry "NOR"]
[SourceTitle "CBM 162"]
[Source "ChessBase"]
[SourceDate "2014.09.17"]
[SourceVersion "1"]
[SourceVersionDate "2014.09.17"]
[SourceQuality "1"]
[WhiteTeam "Monaco (W)"]
[BlackTeam "Algeria (W)"]
[WhiteTeamCountry "MNC"]
[BlackTeamCountry "ALG"]

1. d4 Nf6 2. c4 g6 3. Nc3 Bg7 4. e4 d6 5. Nf3 0-0 6. Be2 c6 7. 0-0 Nbd7 8. Qc2 e5 9. Rd1 Qc7 10. Be3 Ng4 11. Bg5 f6 12. Bh4 Nh6 13. Rac1 Re8 14. d5 c5 15. a3 Nf8 16. b4 b6 17. Ne1 g5 18. Bg3 Ng6 19. f3 f5 20. Bf2 Nf4 21. Nd3 Rf8 22. Bf1 g4 23. Be3 Nh5 24. Ne2 gxf3 25. gxf3 fxe4 26. fxe4 Rf6 27. Bg2 Rg6 28. Nf2 Qe7 29. Qd3 Qh4 30. Bd2 Ng4 31. Nxg4 Qxg4 32. Ng3 Nxg3 33. hxg3 Qxg3 34. Qxg3 Rxg3 35. Rc3 Rxc3 36. Bxc3 cxb4 37. Bxb4 Bf8 38. Rf1 Be7 39. Rf3 Ba6 40. Bh3 Bxc4 41. Be6+ Kh8 42. Rf7 Rg8+ 43. Kf2 Rf8 44. Kg3 Rxf7 45. Bxf7 Kg7 46. Be6 h6 47. Bd2 Bf8 48. Be3 Bb5 49. Kg4 Kf6 50. Bf2 Be2+ 51. Kh3 Kg5 52. Be3+ Kg6 53. Bf2 Be7 54. Kg2 Bg5 55. Be1 Be3 56. Bh4 Bc5 57. a4 b5 58. axb5 Bxb5 59. Be1 Bb6 60. Bb4 Bc7 61. Kf3 a5 62. Ba3 Kf6 0-1

[Event "Olympiad Women-41"]
[Site "Tromsoe"]
[Date "2014.08.03"]
[Round "2.1"]
[White "Caruana Pulpan, Oana"]
[Black "Chung, Mathilde"]
[Result "0-1"]
[WhiteElo "1846"]
[BlackElo "1981"]
[PlyCount "50"]
[EventDate "2014.08.02"]
[EventType "team-swiss"]
[EventRounds "11"]
[EventCountry "NOR"]
[SourceTitle "CBM 162"]
[Source "ChessBase"]
[SourceDate "2014.09.17"]
[SourceVersion "1"]
[SourceVersionDate "2014.09.17"]
[SourceQuality "1"]
[WhiteTeam "Malta (W)"]
[BlackTeam "Monaco (W)"]
[WhiteTeamCountry "MLT"]
[BlackTeamCountry "MNC"]

1. d4 Nf6 2. Nf3 g6 3. g3 Bg7 4. Bg2 0-0 5. 0-0 d6 6. c4 Nbd7 7. Nc3 e5 8. e4 exd4 9. Nxd4 Re8 10. Rb1 a6 11. Nd5 Nxe4 12. Re1 Nef6 13. Rxe8+ Nxe8 14. Be3 c6 15. Nf4 Ne5 16. b3 Nc7 17. h3 Qe7 18. Qd2 Bd7 19. Nfe2 c5 20. Nf3 Bxh3 21. Nxe5 Bxg2 22. Nxg6 hxg6 23. Re1 Bc6 24. Nc3 Qe5 25. Nd5 Nxd5 0-1

[Event "FRA-chT Top 12 (Women)"]
[Site "Mulhouse"]
[Date "2014.05.10"]
[Round "2.3"]
[White "Fortuit, Emilie"]
[Black "Chung, Mathilde"]
[Result "0-1"]
[WhiteElo "1973"]
[BlackElo "1945"]
[PlyCount "55"]
[EventDate "2014.05.09"]
[EventType "team-tourn"]
[EventRounds "5"]
[EventCountry "FRA"]
[SourceTitle "CBM 160 Extra"]
[Source "ChessBase"]
[SourceDate "2014.07.01"]
[SourceVersion "1"]
[SourceVersionDate "2014.07.01"]
[SourceQuality "1"]
[WhiteTeam "La tour de Juvisy (W)"]
[BlackTeam "Monaco (W)"]
[WhiteTeamCountry "FRA"]
[BlackTeamCountry "MNC"]

1. e4 e6 2. d4 d5 3. exd5 exd5 4. Bd3 Nc6 5. c3 Bd6 6. Nf3 Nge7 7. 0-0 Bg4 8. Nbd2 Qd7 9. Re1 0-0-0 10. Qa4 Kb8 11. h3 Bh5 12. Bc2 f6 13. b4 Rde8 14. b5 Nd8 15. Rb1 g5 16. Ba3 Bxa3 17. Qxa3 Rhg8 18. c4 dxc4 19. Nxc4 g4 20. Nh4 gxh3 21. b6 axb6 22. Nxb6 cxb6 23. Rxb6 Nd5 24. Rxe8 Rxe8 25. Qg3+ Qc7 26. Rd6 Nc3 27. Bd3 Be2 28. Nf5 0-1

[Event "FRA-ch U16 Girls"]
[Site "Montbeliard"]
[Date "2014.04.24"]
[Round "6"]
[White "Nicolas, Gabrielle"]
[Black "Chung, Mathilde"]
[Result "0-1"]
[WhiteElo "1727"]
[BlackElo "1949"]
[PlyCount "114"]
[EventDate "2014.04.20"]
[EventType "swiss"]
[EventRounds "9"]
[EventCountry "FRA"]
[SourceTitle "CBM 160 Extra"]
[Source "ChessBase"]
[SourceDate "2014.07.01"]
[SourceVersion "1"]
[SourceVersionDate "2014.07.01"]
[SourceQuality "1"]

1. d4 Nf6 2. Nf3 g6 3. e3 Bg7 4. Be2 0-0 5. 0-0 c5 6. c3 d5 7. b3 b6 8. Bb2 Bb7 9. c4 dxc4 10. Bxc4 cxd4 11. Nxd4 Nbd7 12. Nd2 Rc8 13. Rc1 a6 14. b4 b5 15. Bb3 Nb6 16. Qe2 Nfd5 17. a3 e5 18. N4f3 Qe7 19. Nb1 Kh8 20. Nc3 Nc4 21. Ba1 Nxc3 22. Bxc3 Nxa3 23. Nd2 Rc7 24. e4 Rfc8 25. Qd3 Nc4 26. Nf3 Nd6 27. Bd5 Bxd5 28. exd5 e4 29. Bxg7+ Kxg7 30. Qd4+ Qf6 31. Rxc7 Rxc7 32. Ne5 Nc4 33. f4 exf3 34. Nxf3 Qxd4+ 35. Nxd4 Ne3 36. Ra1 Rc4 37. Nf3 Nxd5 38. Rxa6 Rxb4 39. Rd6 Nc3 40. g3 Rb2 41. Rc6 b4 42. Kf1 Nd5 43. Ke1 b3 44. Nd2 Nb4 45. Rb6 Nd3+ 46. Ke2 Nc5 47. Ke3 Ra2 48. Rb5 Rc2 49. Nxb3 Nxb3 50. Rxb3 Rxh2 51. Kf3 h5 52. Rb4 Kf6 53. Rb6+ Kg5 54. Rb4 f5 55. Rb1 h4 56. Rg1 hxg3 57. Rxg3+ Kf6 0-1